Guess the kdramas by characters(medium) - Statistics

General Stats
  • This quiz has been taken 459 times
  • The average score is 9 of 15
Answer Stats
Picture Answer % Correct
My name
84%
Hotel del luna
70%
Twinkling watermelon
69%
What's wrong with secretary Kim
68%
Doona!
67%
The uncanny counter
66%
Doom at your service
60%
Boys over flowers
58%
Train to Busan
55%
Happiness
54%
Taxi driver
54%
Vagabond
49%
The heirs
47%
The legend of the blue sea
44%
18 again
42%
No matching quizzes found
Score Distribution
Percent of People with Each Score
Percentile by Number Answered
Your Score History
You have not taken this quiz